| 000 | 01109nam a2200205Ii 4500 | ||
|---|---|---|---|
| 003 | JO-AjNU | ||
| 008 | 230605s9999||||xx |||||||||||||| ||und|| | ||
| 040 |
_aJO-AjNU _bara _erda _cJO-AjNU |
||
| 041 | _aara | ||
| 050 | 1 | 4 | _aHE281.5.2010 |
| 100 | 3 |
_aلاشين،عبدالقادر فتحي/فريق خبراء من المنظمة العربية للتنمية الادارية, _eauthor _932501 |
|
| 245 | 0 | 0 | _aنظم المشاركة بين القطاعين العام والخاص في مشروعات البنية الاساسية للنقل:نماذج من بعض الدول |
| 264 | 3 | 1 | _aالقاهرة: المنظمة العربية للتنمية الادارية،2010 |
| 300 |
_a477ص _bيحتوي على ببلوغرافيةمن ص473-477ص |
||
| 336 |
_atext _btxt _2rdacontent |
||
| 337 |
_aunmediated _bn _2rdamedia |
||
| 338 |
_avolume _bnc _2rdacarrier |
||
| 490 | 0 | _aالمنظمة العربية للتنمية الادارية بحوث ودراسات؛457 | |
| 650 | 4 |
_aادارة المشروعات-عقود(البوت)-الخصصة-جوانب اقتصادية-النقل-ادارة _932502 |
|
| 999 |
_aA13128 _c16696 _d16696 |
||